| 000 | 00764cam a22002533a 4500 | ||
|---|---|---|---|
| 001 | 14019 | ||
| 003 | PGUSA | ||
| 005 | 20140828083312.0 | ||
| 008 | 041111s2004||||xxu|||||s|||||000 p eng d | ||
| 040 |
_aPGUSA _beng |
||
| 042 | _adc | ||
| 050 | 4 | _aPN | |
| 245 | 1 | 4 |
_aThe Harvard Classics, Volume 49, Epic and Saga : _bWith Introductions And Notes _h[electronic resource] |
| 260 |
_bProject Gutenberg, _c2004 |
||
| 505 | 0 | _aThe Song of Roland -- The Destruction of Dá Derga's Hostel | |
| 506 | _aPublic domain in the USA. | ||
| 516 | _aElectronic text | ||
| 653 | _aSagas | ||
| 653 | _aEpic poetry | ||
| 700 | 1 |
_aEliot, Charles William, _d1834-1926 |
|
| 830 | 0 |
_aProject Gutenberg _v14019 |
|
| 856 | 4 | 0 | _uhttp://www.gutenberg.org/ebooks/14019 |
| 942 | _cEB | ||
| 999 |
_c243274 _d243274 |
||